000 00515nam a2200169 i 4500
001 64742
003 ES-MaACL
005 20230906165212.0
007 t|
008 040105s1973 sp ||||1| cat d
100 1 _aForner Escobet, Clemente.
_951777
245 1 0 _aArondeta
_b: versos per-versos /
_cCliment Forner ; il-lustracions d'Antoni Gelabert.
260 _aBarcelona :
_b[s.n.],
_c1973.
300 _a117 p. :
_bil. ;
_c24 cm.
700 1 _aGelabert, Antoni.
_956239
852 _aES-MaACL
_jC-53297
_bR.86231
999 _c64742
_d64742